| 000 | 00430 a2200133 4500 | ||
|---|---|---|---|
| 020 | _a0070371008 | ||
| 020 | _a0070371016 | ||
| 082 | _a624.18341 LEE | ||
| 100 | _aLeet, Kenneth. | ||
| 245 |
_aReinforced concrete design : _bconforms to 1995 ACI codes _cKenneth M. Leet ; contributing author, Dionisio Bernal. |
||
| 250 | _a3rd ed. | ||
| 260 |
_aNew York : _bMcGraw-Hill Co., _c1997. |
||
| 300 |
_axiv, 546 p. : _bill. ; _c26 cm. |
||
| 650 | _aReinforced concrete. | ||
| 999 |
_c340 _d340 |
||